Scottish housing crisis worst since Second World War (Record no. 82087)
[ view plain ]
| 000 -LEADER | |
|---|---|
| fixed length control field | 00942cab a22002055a 4500 |
| 001 - CONTROL NUMBER | |
| control field | E149235 |
| 008 - FIXED-LENGTH DATA ELEMENTS--GENERAL INFORMATION | |
| fixed length control field | 100209e20100209xxk 000 0 eng d |
| 035 ## - SYSTEM CONTROL NUMBER | |
| System control number | (Sirsi) u149235 |
| 041 0# - LANGUAGE CODE | |
| Language code of text/sound track or separate title | eng |
| 110 2# - MAIN ENTRY--CORPORATE NAME | |
| Corporate name or jurisdiction name as entry element | Homes for Scotland |
| 245 00 - TITLE STATEMENT | |
| Title | Scottish housing crisis worst since Second World War |
| Medium | [electronic resource] |
| 260 ## - PUBLICATION, DISTRIBUTION, ETC. | |
| Date of publication, distribution, etc. | 2010 |
| 490 ## - SERIES STATEMENT | |
| Series statement | Homes for Scotland News Release |
| 520 ## - SUMMARY, ETC. | |
| Summary, etc. | Homes for Scotland suggest that it may take up to ten years for Scotland's housing output to return to pre credit crunch levels of around 25 000 units per annum, which is still significantly below the Scottish Government's target of 35 000 units by 2015. |
| 590 ## - LOCAL NOTE (RLIN) | |
| Local note | KA |
| 651 #4 - SUBJECT ADDED ENTRY--GEOGRAPHIC NAME | |
| Geographic name | Scotland |
| Chronological subdivision | 1999- |
| 690 ## - LOCAL SUBJECT ADDED ENTRY--TOPICAL TERM (OCLC, RLIN) | |
| Topical term or geographic name as entry element | PROPERTY-RESIDENTIAL PROPERTY-DOMESTIC RESIDENTIAL PROPERTY-HOUSING |
| 856 40 - ELECTRONIC LOCATION AND ACCESS | |
| Uniform Resource Identifier | <a href="https://www.homesforscotland.com/114/article.aspx?Site=1">https://www.homesforscotland.com/114/article.aspx?Site=1</a> |
| Public note | View the news release free of charge at www.homesforscotland.com... |
| 942 ## - ADDED ENTRY ELEMENTS (KOHA) | |
| Suppress in OPAC | 0 |
| Withdrawn status | Lost status | Source of classification or shelving scheme | Damaged status | Not for loan | Home library | Current library | Shelving location | Date acquired | Total Checkouts | Full call number | Barcode | Date last seen | Copy number | Price effective from | Koha item type |
|---|---|---|---|---|---|---|---|---|---|---|---|---|---|---|---|
| Dewey Decimal Classification | Virtual | Virtual | Online | 09/02/2010 | ONLINE PUBLICATION | 149235-2001 | 06/08/2019 | 1 | 06/08/2019 | Journal article |